Squares with >100 Million people - World Map Sudden Death - Statistics

General Stats
  • This quiz has been taken 468 times
  • The average score is 11 of 18
Answers on the Grid
Answers color-coded by a green-red scale on the quiz's grid according to % correct below.
 
Answer Stats
Answer % Correct
84%
82%
80%
79%
74%
68%
66%
64%
64%
58%
57%
52%
49%
49%
47%
42%
26%
16%
No matching quizzes found
Score Distribution
Percent of People with Each Score
Percentile by Number Answered
Your Score History
You have not taken this quiz